[Event "Canoa op"]
[White "Oliveira, Franklin Verissimo"]
[Black "Braga, Marcelo Melem"]
[Site "Canoa"]
[Round "3"]
[Result "1-0"]
[Date "2024.10.12"]
[WhiteElo "1855"]
[BlackElo "1686"]
[PlyCount "87"]
[EventDate "2024.10.11"]
[EventType "swiss"]
[EventRounds "6"]
[EventCountry "BRA"]
[SourceTitle "CB43_2024"]
[Source "Chessbase"]
[SourceDate "2024.10.23"]
[SourceVersion "1"]
[SourceVersionDate "2024.10.23"]
[SourceQuality "1"]

1. e4 c6 2. Nf3 d5 3. Nc3 Bg4 4. d4 dxe4 5. Nxe4 Bxf3 6. gxf3 e6 7. Bf4 Bb4+ 8. c3 Be7 9. Rg1 g6 10. Qb3 b6 11. 0-0-0 a5 12. a4 Qd5 13. Bc4 Qd8 14. Rde1 Nf6 15. Nxf6+ Bxf6 16. Bh6 Na6 17. Bxe6 fxe6 18. Qxe6+ Be7 19. Qxc6+ Kf7 20. Qe6+ Ke8 21. Qc6+ Kf7 22. Qc4+ Ke8 23. Bg7 Rf8 24. Bxf8 Kxf8 25. Rg4 Qc7 26. Qe6 Re8 27. Kb1 Qd6 28. Rge4 Nc7 29. Qh3 h5 30. f4 Bf6 31. Rxe8+ Nxe8 32. Qc8 Be7 33. Re5 Kf7 34. f5 gxf5 35. Qxf5+ Nf6 36. Qf3 Kg7 37. Qe3 Nd5 38. Qg3+ Qg6+ 39. Qxg6+ Kxg6 40. Rxd5 h4 41. h3 Kf6 42. Kc2 Ke6 43. Re5+ Kd6 44. Rxe7 1-0